Personnage Super Smash Bros. Brawl (Wii) - Statistiques

Statistiques générales
  • Ce quiz a été pris 53 fois
  • Le résultat moyen est 32 sur 37
Statistiques - réponses
Réponse % Correct
Link
100%
Mario
100%
Zelda
100%
Kirby
95%
Luigi
95%
Peach
95%
Pikachu
95%
Bowser
93%
Ganondorf
93%
Donkey Kong
91%
Falco
91%
Fox
91%
Lucas
91%
Samus
91%
Captain Falcon
89%
Diddy Kong
89%
Link Cartoon
89%
Marth
89%
Snake
89%
Wario
89%
Ness
86%
Sheik
86%
Sonic
86%
Wolf
86%
Meta Knight
84%
Olimar
84%
Roi Dadidou
84%
Yoshi
84%
Ike
82%
Lucario
82%
Samus Sans Armure
82%
Dresseur de Pokémon
77%
Pit
77%
Mr. Game & Watch
75%
R.O.B.
75%
Rondoudou
75%
Ice Climbers
68%
Aucun quiz correspondant
Distribution des résultats
% des personnes avec chaque résultat
Percentile par nombre de réponses
Votre historique - résultats
Vous n’avez pas pris ce quiz